LEADER 01255nam 2200433 450 001 9910817756903321 005 20210826091121.0 010 $a1-4963-9866-1 010 $a1-4963-8024-X 010 $a1-4963-8026-6 035 $a(CKB)3710000001629607 035 $a(Au-PeEL)EBL5472156 035 $a(OCoLC)1012165481 035 $a(MiAaPQ)EBC5472156 035 $a(EXLCZ)993710000001629607 100 $a20180915d2017 uy 0 101 0 $aeng 135 $aurcnu|||||||| 181 $ctxt$2rdacontent 182 $cc$2rdamedia 183 $acr$2rdacarrier 200 00$aClinical echocardiography review $ea self-assessment tool /$feditors, Allan L. Klein, Craig R. Asher 205 $aSecond edition. 210 1$aPhiladelphia :$cWolters Kluwer,$d[2017] 210 4$d©2017 215 $a1 online resource (1,085 pages) 311 $a1-4511-9537-0 606 $aEchocardiography$vExaminations, questions, etc 615 0$aEchocardiography 676 $a616.1207543076 702 $aKlein$b Allan L. 702 $aAsher$b Craig R. 801 0$bMiAaPQ 801 1$bMiAaPQ 801 2$bMiAaPQ 906 $aBOOK 912 $a9910817756903321 996 $aClinical echocardiography review$93962527 997 $aUNINA LEADER 01968nas 2200637- 450 001 9910307940503321 005 20241102213016.0 011 $a2193-8660 035 $a(DE-599)ZDB2707994-6 035 $a(OCoLC)851408236 035 $a(CKB)3400000000125690 035 $a(CONSER)--2018207188 035 $a(EXLCZ)993400000000125690 100 $a20130522a20139999 --- - 101 0 $aeng 135 $aur||||||||||| 181 $ctxt$2rdacontent 182 $cc$2rdamedia 183 $acr$2rdacarrier 200 00$aCulture and brain 210 1$a[Berlin] :$cSpringer Berlin Heidelberg 215 $a1 online resource 311 08$a2193-8652 606 $aNeurosciences$xSocial aspects$vPeriodicals 606 $aNeuropsychology$vPeriodicals 606 $aCognition and culture$vPeriodicals 606 $aSocial evolution$vPeriodicals 606 $aCulture 606 $aBrain$xphysiology 606 $aCognition$xphysiology 606 $aSocial evolution$2fast$3(OCoLC)fst01122456 606 $aNeurosciences$xSocial aspects$2fast$3(OCoLC)fst01036520 606 $aCognition and culture$2fast$3(OCoLC)fst00866482 606 $aNeuropsychology$2fast$3(OCoLC)fst01036493 606 $aNeuropsicologia$2thub 606 $aEtnopsicologia$2thub 608 $aPeriodicals.$2fast 608 $aPeriodicals.$2lcgft 608 $aRevistes electròniques.$2thub 615 0$aNeurosciences$xSocial aspects 615 0$aNeuropsychology 615 0$aCognition and culture 615 0$aSocial evolution 615 12$aCulture. 615 22$aBrain$xphysiology. 615 22$aCognition$xphysiology. 615 7$aSocial evolution. 615 7$aNeurosciences$xSocial aspects. 615 7$aCognition and culture. 615 7$aNeuropsychology. 615 7$aNeuropsicologia. 615 7$aEtnopsicologia. 906 $aJOURNAL 912 $a9910307940503321 996 $aCulture and brain$91940911 997 $aUNINA